Estadísticas para Mayores incrementos de población en municipios de España

Haz click aquí para tomar la prueba!

Estadísticas generales

  • Esta prueba ha sido tomada 88 veces
  • La puntuación promedio es 11 de 24

Estadísticas de respuestas

HintRespuesta% Correcto
383266MADRID
100%
140496BARCELONA
99%
55274VALENCIA
95%
58001ALICANTE
83%
70366ZARAGOZA
83%
43089MALAGA
81%
96092MURCIA
74%
82140PALMA
58%
36726ELCHE
53%
37064GETAFE
51%
37476MARBELLA
48%
34863CARTAGENA
46%
36644DOS HERMANAS
29%
48762TERRASSA
26%
40830MIJAS
23%
55921PARLA
21%
52430ROQUETAS DE MAR
18%
59058RIVAS-VACIAMADRID
15%
36164BENALMADENA
13%
41138LAS ROZAS
11%
42800ARONA
10%
37215TORREJON DE ARDOZ
10%
47740VALDEMORO
9%
38352SANT CUGAT DEL VALLES
4%

Distribución de puntuación

Porcentaje por número respondido

Porcentaje de gente con cada puntuación

Historial de tus puntuaciones

No has tomado esta prueba